Novelas ejemplares.

Bibliographic Details
Main Author: Cervantes Saavedra, Miguel de, 1547-1616
Other Authors: Mesa y López, Rafael, 1885-1924
Format: Book
Language:Italian
Published: Londres : Thomas Nelson and Sons, [1912]

MARC

Tag First Indicator Second Indicator Subfields
LEADER 00000cam a2200000K 4500
001 in00002785865
005 20150922145053.0
008 121120s1912 enk 000 1 ita d
035 |a (OCoLC)ocm36379956 
035 |a (OCoLC)36379956 
040 |a NLW  |b eng  |c NLW  |d OCLCQ  |d NLGGC  |d OCLCG  |d CUD  |d OCLCQ  |d TXA  |d UtOrBLW 
049 |a TXAM 
084 |a 18.32  |2 bcl 
090 |a PQ6324  |b .A1 1912 
100 1 |a Cervantes Saavedra, Miguel de,  |d 1547-1616. 
245 1 0 |a Novelas ejemplares. 
246 3 |a Cervantes novelas ejemplares 
264 1 |a Londres :  |b Thomas Nelson and Sons,  |c [1912] 
300 |a 325 pages ;  |c 17 cm. 
336 |a text  |b txt  |2 rdacontent 
337 |a unmediated  |b n  |2 rdamedia 
338 |a volume  |b nc  |2 rdacarrier 
500 |a At head of title: Cervantes. 
500 |a "Introducción" signed: R. Mesa y López. 
505 1 |a La Gitanilla -- Rinconte y Cortadilo -- El Licenciado Vidriera -- La Fuerza de la Sangre -- La Ilustre Fregona -- La Tia Fingida. 
580 |a Forms part of The Eduardo Urbina Cervantes Project Collection. 
700 1 |a Mesa y López, Rafael,  |d 1885-1924. 
948 |a cataloged  |b h  |c 2013/5/7  |d c  |e lschille  |f 4:27:56 pm 
994 |a C0  |b TXA 
999 |a MARS 
999 f f |s 502be9b6-3e14-343d-b4ab-70c02cc58445  |i 10729b0e-eaf2-34ab-a36a-bb269a0b7fb2  |t 0 
952 f f |p noncirc  |a Texas A&M University  |b College Station  |c Cushing Memorial Library & Archives  |d Cushing: Rare Books (Does not check out)  |t 0  |e PQ6324 .A1 1912  |h Library of Congress classification  |i unmediated -- volume 
998 f f |a PQ6324 .A1 1912  |t 0  |l Cushing: Rare Books (Does not check out)